000 002460000a22000970004500
100 1 _aKinsler, F. Ross
245 1 0 _aEducación teológica para la paz
300 _aVol. 8, Num 1 (1988), Páginas 38-44
773 0 _tVida y pensamiento
942 _cANA
999 _c52834
_d52834